Third National Conference : All India Anganwadi Workers Federation (Record no. 225700)
[ view plain ]
| 000 -LEADER | |
|---|---|
| fixed length control field | 00592nam a22001817a 4500 |
| 005 - DATE AND TIME OF LATEST TRANSACTION | |
| control field | 20221214100608.0 |
| 008 - FIXED-LENGTH DATA ELEMENTS--GENERAL INFORMATION | |
| fixed length control field | 221214b ||||| |||| 00| 0 eng d |
| 040 ## - CATALOGING SOURCE | |
| Transcribing agency | AL |
| 041 ## - LANGUAGE CODE | |
| Language code of text/sound track or separate title | English |
| 082 ## - DEWEY DECIMAL CLASSIFICATION NUMBER | |
| Edition number | 23 |
| Classification number | 331.4 |
| Item number | KAUT |
| 100 ## - MAIN ENTRY--PERSONAL NAME | |
| Personal name | Amarjeet Kaur |
| 100 ## - MAIN ENTRY--PERSONAL NAME | |
| 9 (RLIN) | 65850 |
| 245 ## - TITLE STATEMENT | |
| Title | Third National Conference : All India Anganwadi Workers Federation |
| Remainder of title | 22-24 September 2003 |
| 260 ## - PUBLICATION, DISTRIBUTION, ETC. | |
| Place of publication, distribution, etc. | New Delhi |
| Name of publisher, distributor, etc. | ALL India Anganwadi Workers Fedreration |
| Date of publication, distribution, etc. | 2003 |
| 300 ## - PHYSICAL DESCRIPTION | |
| Extent | 38 p. |
| Other physical details | PB |
| Dimensions | 21x14 cm. |
| 650 ## - SUBJECT ADDED ENTRY--TOPICAL TERM | |
| Topical term or geographic name entry element | Conference All India Anganwadi Workers |
| 9 (RLIN) | 65851 |
| 700 ## - ADDED ENTRY--PERSONAL NAME | |
| Personal name | KAUR (Amarjeet) |
| 9 (RLIN) | 65852 |
| 942 ## - ADDED ENTRY ELEMENTS (KOHA) | |
| Source of classification or shelving scheme | Dewey Decimal Classification |
| Koha item type | George Fernandes Collections |
| Withdrawn status | Lost status | Source of classification or shelving scheme | Damaged status | Not for loan | Collection code | Home library | Current library | Date acquired | Total Checkouts | Full call number | Barcode | Date last seen | Price effective from | Koha item type |
|---|---|---|---|---|---|---|---|---|---|---|---|---|---|---|
| Dewey Decimal Classification | Economics | St Aloysius Library | St Aloysius Library | 03/23/2013 | 331.4 KAUT | GF01792 | 12/14/2022 | 12/14/2022 | George Fernandes Collections |